Strategic Logistics Management / Third Edition (Record no. 1088)
[ view plain ]
| 000 -LEADER | |
|---|---|
| fixed length control field | 01609cam a22002294a 4500 |
| 005 - ΗΜΕΡΟΜΗΝΙΑ ΚΑΙ ΩΡΑ ΤΕΛΕΥΤΑΙΑΣ ΕΝΗΜΕΡΩΣΗΣ | |
| Πεδίο ελέγχου | 20250605163957.0 |
| 008 - FIXED-LENGTH DATA ELEMENTS--GENERAL INFORMATION | |
| Πεδίο ελέγχου σταθερού μήκους | 250528s ||||||||||||||||||||||||d |
| 035 ## - SYSTEM CONTROL NUMBER | |
| System control number | 15512 |
| 020 ## - ISBN | |
| ISBN | 256088381 |
| 040 ## - ΠΗΓΗ ΚΑΤΑΛΟΓΟΓΡΑΦΗΣΗΣ | |
| Φορέας πρωτότυπης καταλογογράφησης | MC Athens Campus Library |
| Γλώσσα καταλογογράφησης | Ελληνικά, Μοντέρνα (1453-) |
| Modifying agency | MC Athens Campus Library |
| Κανόνες περιγραφικής καταλογογράφησης | AACR2 |
| 245 1# - ΤΙΤΛΟΣ ΚΑΙ ΔΗΛΩΣΗ ΥΠΕΥΘΥΝΟΤΗΤΑΣ | |
| Τίτλος | Strategic Logistics Management / Third Edition |
| 250 ## - EDITION STATEMENT | |
| Edition statement | 3rd |
| 260 ## - PUBLICATION, DISTRIBUTION, ETC. | |
| Name of publisher, distributor, etc. | Irwin Mcgraw-Hill, |
| Date of publication, distribution, etc. | 1992 |
| 300 ## - PHYSICAL DESCRIPTION | |
| Extent | 872 |
| 505 0# - FORMATTED CONTENTS NOTE | |
| Formatted contents note | Logistics' Role in the Economy and the Firm, The Integrated Logistics Management Concept, Channels of Distribution, Customer Service, Transportation, Decision Strategies in Transportation, Warehousing, Decision Strategies in Warehousing, Financial Impact of Inventory, Inventory Management, Managing Materials Flow, Purchasing, Order Processing and Information Systems, Decision Support Systems, Financial Control of Logistics Performance, Organizing for Effective Logistics, Global Logistics, The Strategic Logistics Plan, Cases. |
| 520 ## - SUMMARY, ETC. | |
| Summary, etc. | Logistics' Role in the Economy and the Firm, The Integrated Logistics Management Concept, Channels of Distribution, Customer Service, Transportation, Decision Strategies in Transportation, Warehousing, Decision Strategies in Warehousing, Financial Impact of Inventory, Inventory Management, Managing Materials Flow, Purchasing, Order Processing and Information Systems, Decision Support Systems, Financial Control of Logistics Performance, Organizing for Effective Logistics, Global Logistics, The Strategic Logistics Plan, Cases. |
| 700 1# - ΠΡΟΣΘΕΤΗ ΑΝΑΓΡΑΦΗ--ΦΥΣΙΚΟ ΠΡΟΣΩΠΟ | |
| Personal name | Lambert Douglas M |
| 9 (RLIN) | 1447 |
| 700 1# - ΠΡΟΣΘΕΤΗ ΑΝΑΓΡΑΦΗ--ΦΥΣΙΚΟ ΠΡΟΣΩΠΟ | |
| Personal name | Stock James R |
| 9 (RLIN) | 1448 |
| 942 ## - ADDED ENTRY ELEMENTS (KOHA) | |
| Koha item type | Books |
| Τύπος τεκμηρίου | Βιβλιοθήκη | Τρέχουσα τοποθεσία | Barcode | Αριθμός εισαγωγής | Ημερομηνία απόκτησης | Ταξιθετικό σύμβολο | Αριθμός αντιτύπου | Κατάσταση απόσυρσης | Κατάσταση χαμένου | Κατάσταση κατεστραμμένου | Μη δανεισμός | Σύνολο δανεισμών | Ημερομηνία τελευταίας εμφάνισης | Η τιμή ισχύει από |
|---|---|---|---|---|---|---|---|---|---|---|---|---|---|---|
| Books | MC Athens Campus Library | MC Athens Campus Library | 9780000010872 | 1858 | 05/06/2025 | 658.5 LAM | 1 | 05/06/2025 | 05/06/2025 |